Restless legs syndrome (Record no. 286644)

MARC details
000 -LEADER
fixed length control field 00741nam a2200241Ia 4500
008 - FIXED-LENGTH DATA ELEMENTS--GENERAL INFORMATION
fixed length control field 191130s2009##################000#0#eng##
020 ## - INTERNATIONAL STANDARD BOOK NUMBER
ISBN 9780199234882
082 ## - DEWEY DECIMAL CLASSIFICATION NUMBER
Classification number 616.8498 CHA
245 ## - TITLE STATEMENT
Title Restless legs syndrome
Statement of responsibility, etc edited by K. Ray Chaudhuri, Luigi Ferini-Strambi, David Rye
250 ## - EDITION STATEMENT
Edition statement 1st ed
260 ## - PUBLICATION, DISTRIBUTION, ETC. (IMPRINT)
Place of publication Oxford
Name of publisher Oxford University Press
Year of publication 2009
300 ## - PHYSICAL DESCRIPTION
Number of Pages xii, 88 p. : ill. ; 18 cm
500 ## - GENERAL NOTE
General note Includes bibliographical references and index
650 ## - SUBJECT ADDED ENTRY--TOPICAL TERM
Topical Term Restless Legs Syndrome
700 ## - ADDED ENTRY--PERSONAL NAME
Personal name Chaudhuri, K. Ray
Personal name Ferini-Strambi, Luigi
Personal name Rye, David Bruce
991 ## -
-- 127031
Holdings
Withdrawn status Lost status Damaged status Not for loan Home library Current library Shelving location Date acquired Full call number Accession Number Price effective from Koha item type
        Anna Centenary Library Anna Centenary Library 5TH FLOOR, B WING 15.10.2020 616.8498 CHA 259751 15.10.2020 English Books

Find us on the map